[Event "Helsinki"]
[Site "?"]
[Date "1992.??.??"]
[Round "?"]
[White "Novikov, I."]
[Black "van Wely, L."]
[Result "1/2-1/2"]
[WhiteElo "2585"]
[BlackElo "2525"]
[PlyCount "73"]
[EventDate "1992.??.??"]
[Source "ChessBase"]
[SourceDate "1992.06.01"]

1. d4 Nf6 2. c4 g6 3. Nc3 Bg7 4. e4 d6 5. Nge2 c6 6. Ng3 h5 7. Be2 a6 8. O-O b5 9. e5 dxe5 10. dxe5 Qxd1 11. Rxd1 Ng4 12. f4 g5 13. h3 gxf4 14. Bxf4 Bxe5 15. Nxh5 Bxf4 16. Nxf4 Ne3 17. Rdc1 Nxc4 18. Bxc4 bxc4 19. Na4 Nd7 20. Rxc4 Ne5 21. Rc5 f6 22. Nb6 Rb8 23. Nxc8 Rxc8 24. Ra5 Ra8 25. Rd1 Kf7 26. b3 Rhb8 27. Rd4 Rd8 28. Rxd8 Rxd8 29. Rxa6 Rd2 30. Kh2 Nf3+ 31. Kg3 Ne1 32. Ra7 f5 33. h4 Kf6 34. Nh5+ Kf7 35. Nf4 Kf6 36. Nh5+ Kf7 37. Nf4 1/2-1/2

[Event "Munich GER"]
[Site "Munich GER"]
[Date "1991.??.??"]
[Round "?"]
[White "Hort, Vlastimil"]
[Black "Wahls, Matthias"]
[Result "1/2-1/2"]
[WhiteElo "2540"]
[BlackElo "2560"]
[PlyCount "38"]
[EventDate "1991.??.??"]
[Source "www.chesslib.no"]
[SourceDate "2004.05.04"]

1. d4 Nf6 2. c4 g6 3. Nc3 Bg7 4. e4 d6 5. Nge2 c6 6. Ng3 e5 7. d5 a6 8. Be2 O-O 9. h4 cxd5 10. cxd5 h5 11. Bg5 Qe8 12. Qd2 Nbd7 13. Bh6 Qd8 14. a4 Re8 15. a5 Nf8 16. Be3 Bh6 17. Na4 Rb8 18. Ra3 Bg4 19. f4 Be6 1/2-1/2

[Event "Munich"]
[Site "Munich"]
[Date "1991.??.??"]
[Round "12"]
[White "Hort, Vlastimil"]
[Black "Wahls, Matthias"]
[Result "1/2-1/2"]
[WhiteElo "2540"]
[BlackElo "2560"]
[PlyCount "49"]
[EventDate "1991.05.??"]
[Source "ChessBase"]

1. d4 Nf6 2. c4 g6 3. Nc3 Bg7 4. e4 d6 5. Nge2 c6 6. Ng3 e5 7. d5 a6 8. Be2 O-O 9. h4 cxd5 10. cxd5 h5 11. Bg5 Qe8 12. Qd2 Nbd7 13. Bh6 Qd8 14. a4 Re8 15. a5 Nf8 16. Bxg7 Kxg7 17. Na4 Rb8 18. Ra3 Bg4 19. f3 Bd7 20. Nb6 Qe7 21. Rc3 Red8 22. Qg5 Kg8 23. O-O N8h7 24. Qe3 Be8 25. Nh1 1/2-1/2

[Event "GM Scheveningen"]
[Site "Scheveningen"]
[Date "1999.02.01"]
[Round "2"]
[White "Ye Naung Win Myint"]
[Black "Ye Jiangchuan"]
[Result "0-1"]
[WhiteElo "2531"]
[BlackElo "2564"]
[PlyCount "78"]
[EventDate "1999.??.??"]
[Source "www.chesslib.no"]
[SourceDate "2004.05.04"]

1. d4 Nf6 2. c4 g6 3. Nc3 Bg7 4. e4 d6 5. Nge2 O-O 6. Ng3 c6 7. Be2 e5 8. d5 cxd5 9. cxd5 a6 10. a4 Nbd7 11. h4 h5 12. Bg5 Qb6 13. a5 Qc7 14. Bd2 b5 15. b4 Nh7 16. Rc1 Qd8 17. Bf3 Ndf6 18. Qe2 Ng4 19. Bxg4 Bxg4 20. f3 Bd7 21. Nf1 f5 22. Be3 Rc8 23. Nd2 Qe7 24. Bf2 Bh6 25. Be3 Bg7 26. Qd3 fxe4 27. Ndxe4 Rc4 28. Ng5 Bf5 29. Nce4 Nxg5 30. Bxg5 Qxg5 31. hxg5 Rxc1+ 32. Kf2 Rxh1 33. Qe3 Rc8 34. Qb6 Bxe4 35. fxe4 Rc2+ 36. Kg3 h4+ 37. Kf3 Rc3+ 38. Ke2 h3 39. gxh3 Rh2+ 0-1

[Event "Europa ch 2008"]
[Site "Plovdiv BUL"]
[Date "2008.04.21"]
[Round "1.38"]
[White "Tregubov, Pavel V"]
[Black "Jojua, Davit"]
[Result "1-0"]
[WhiteElo "2629"]
[BlackElo "2463"]
[PlyCount "49"]
[EventDate "2008.04.21"]
[Source "www.chesslib.no"]
[SourceDate "2004.05.04"]

1. d4 Nf6 2. c4 g6 3. Nc3 Bg7 4. e4 d6 5. Nge2 O-O 6. Ng3 e5 7. d5 a5 8. h4 Na6 9. h5 c6 10. Bg5 Qc7 11. Be2 Nc5 12. Qd2 a4 13. Rd1 Ne8 14. Nf1 f6 15. Be3 f5 16. hxg6 hxg6 17. exf5 gxf5 18. Bxc5 dxc5 19. Ng3 e4 20. d6 Qd7 21. Qg5 Nf6 22. Rh6 Qf7 23. Nh5 Ne8 24. Nxg7 Nxg7 25. Bh5 1-0

[Event "Yangon schev"]
[Site "Yangon"]
[Date "1999.02.03"]
[Round "4"]
[White "Ye Naung Win Myint"]
[Black "Moun Moun Latt"]
[Result "1/2-1/2"]
[WhiteElo "2531"]
[BlackElo "2554"]
[PlyCount "97"]
[EventDate "1999.01.??"]
[Source "www.chesslib.no"]
[SourceDate "2004.05.04"]

1. d4 Nf6 2. c4 g6 3. Nc3 Bg7 4. e4 d6 5. Nge2 O-O 6. Ng3 e5 7. d5 Ng4 8. Be2 Qh4 9. Bd2 f5 10. Bxg4 fxg4 11. Be3 Bh6 12. Bxh6 Qxh6 13. Nge2 Rf7 14. Qc1 Qh4 15. Ng3 Nd7 16. Qe3 Nf6 17. O-O-O Bd7 18. Rdf1 b6 19. Kb1 Raf8 20. Nce2 Kg7 21. Nc1 a5 22. Nd3 Ng8 23. Re1 Qe7 24. Re2 h5 25. Nf1 h4 26. Nd2 Nf6 27. f4 exf4 28. Nxf4 Nxe4 29. Ne6+ Bxe6 30. dxe6 Nxd2+ 31. Qxd2 Rf4 32. Qd5 R4f5 33. Qd3 Re5 34. Rxe5 dxe5 35. Qd5 Rf6 36. Qxe5 Qxe6 37. Qd4 Kh7 38. a3 Qf5+ 39. Ka2 Rd6 40. Qe3 Qe6 41. Qg5 h3 42. Qh4+ Kg7 43. gxh3 Qxc4+ 44. Ka1 Qe2 45. hxg4 b5 46. Qg3 Rd1+ 47. Rxd1 Qxd1+ 48. Ka2 Qd5+ 49. Ka1 1/2-1/2

[Event "CHN-CIS"]
[Site "Beijing"]
[Date "1991.??.??"]
[Round "?"]
[White "Chekhov, Valery A"]
[Black "Ye Jiangchuan"]
[Result "0-1"]
[WhiteElo "2525"]
[BlackElo "2545"]
[PlyCount "64"]
[EventDate "1991.??.??"]
[Source "ChessBase"]

1. d4 Nf6 2. c4 g6 3. Nc3 Bg7 4. e4 d6 5. Nge2 O-O 6. Ng3 e5 7. d5 c6 8. Be2 cxd5 9. cxd5 Nbd7 10. O-O a6 11. Be3 h5 12. Re1 Nh7 13. Nf1 Bf6 14. a4 Bg5 15. a5 h4 16. b4 f5 17. f3 b5 18. Qd2 f4 19. Bf2 h3 20. gxh3 Bh4 21. Nd1 Qg5+ 22. Kh1 Ndf6 23. Bd3 Bxh3 24. Bxh4 Qxh4 25. Qf2 Qh5 26. Rc1 g5 27. Nd2 g4 28. Bf1 g3 29. Qe2 Ng5 30. Bxh3 Nxh3 31. Qg2 Qh4 32. Rc6 Ra7 0-1

[Event "Helsinki op"]
[Site "Helsinki"]
[Date "1992.??.??"]
[Round "6"]
[White "Novikov, Igor A"]
[Black "Xie Jun"]
[Result "1/2-1/2"]
[WhiteElo "2585"]
[BlackElo "2480"]
[PlyCount "102"]
[EventDate "1992.09.??"]
[Source "ChessBase"]

1. d4 Nf6 2. c4 g6 3. Nc3 Bg7 4. e4 d6 5. Nge2 O-O 6. Ng3 e5 7. d5 c6 8. Be2 cxd5 9. cxd5 Nbd7 10. h4 h5 11. Bg5 a6 12. Nf1 Qe8 13. Nd2 b5 14. a3 Nh7 15. Be3 f5 16. f3 Ndf6 17. Bd3 Bd7 18. Qe2 Kh8 19. O-O-O Qb8 20. b4 Ng8 21. Kb1 Nh6 22. Nb3 fxe4 23. Nxe4 Nf5 24. Bf2 Ne7 25. Bc2 Nf6 26. Nxf6 Rxf6 27. Be4 Bf5 28. Be3 Rf7 29. Bg5 Qf8 30. Rd3 Bf6 31. Bc1 Bg7 32. g4 Bxe4 33. Qxe4 Bh6 34. Bg5 Bxg5 35. hxg5 Rh7 36. Nd2 Qf7 37. Rf1 Rf8 38. f4 exf4 39. Qd4+ Qg7 40. gxh5 Qxd4 41. Rxd4 Rxh5 42. Ne4 f3 43. Rd3 Rf4 44. Nxd6 Rxg5 45. Rdxf3 Rxf3 46. Rxf3 Rxd5 47. Rf6 g5 48. Re6 Nf5 49. Nf7+ Kg7 50. Nxg5 Rd1+ 51. Kb2 Rd6 1/2-1/2

[Event "Chess Congress - Magistrale"]
[Site "Hastings ING"]
[Date "2008.12.31"]
[Round "4"]
[White "Neverov, V."]
[Black "Williams, Si1"]
[Result "1-0"]
[WhiteElo "2571"]
[BlackElo "2494"]
[PlyCount "55"]
[EventDate "2008.12.28"]
[Source "www.chesslib.no"]
[SourceDate "2004.05.04"]

1. d4 Nf6 2. c4 g6 3. Nc3 Bg7 4. e4 d6 5. Nge2 a6 6. Ng3 h5 7. Be2 c6 8. a4 a5 9. O-O h4 10. Nh1 e5 11. Be3 Nbd7 12. f4 Qb6 13. fxe5 dxe5 14. c5 Qb4 15. Nf2 Bh6 16. Bxh6 Rxh6 17. dxe5 Nxe5 18. Qd6 Nfd7 19. Nb5 cxb5 20. Bxb5 Rh5 21. Rad1 Ra6 22. Qc7 Ra8 23. Ng4 Kf8 24. Nxe5 Rxe5 25. Rxd7 Bxd7 26. Qxe5 Bxb5 27. Qh8+ Ke7 28. Qf6+ 1-0

[Event "Budapest Tungsram"]
[Site "Budapest HUN"]
[Date "1973.??.??"]
[Round "11"]
[White "Forintos, Gyozo V"]
[Black "Geller, Efim P"]
[Result "1/2-1/2"]
[WhiteElo "2460"]
[BlackElo "2605"]
[PlyCount "23"]
[EventDate "1973.??.??"]
[Source "www.chesslib.no"]
[SourceDate "2004.05.04"]

1. d4 Nf6 2. c4 g6 3. Nc3 Bg7 4. e4 d6 5. Nge2 e5 6. d5 Nh5 7. Be3 O-O 8. Qd2 a6 9. Ng3 Nf4 10. Nge2 Nh5 11. Ng3 Nf4 12. Nge2 1/2-1/2

[Event "Commonwealth-ch"]
[Site "Sangli"]
[Date "2000.??.??"]
[Round "9"]
[White "Vladimirov, Evgeny"]
[Black "Thipsay, Praveen Mahadeo"]
[Result "1-0"]
[WhiteElo "2586"]
[BlackElo "2475"]
[PlyCount "77"]
[EventDate "2000.??.??"]
[Source "www.chesslib.no"]
[SourceDate "2004.05.04"]

1. d4 Nf6 2. c4 g6 3. Nc3 Bg7 4. e4 d6 5. Nge2 O-O 6. Ng3 e5 7. d5 a5 8. Be2 Na6 9. Bg5 h6 10. Be3 h5 11. Bg5 Qe8 12. h4 Bd7 13. Qd2 Nh7 14. Bh6 Bxh6 15. Qxh6 Qe7 16. Nf1 Qf6 17. g3 Nc5 18. Nd2 Qg7 19. Qe3 f5 20. exf5 Bxf5 21. f3 Nf6 22. Rg1 e4 23. g4 exf3 24. gxf5 Ng4 25. Qxf3 Rxf5 26. Qh3 Re5 27. O-O-O Nf2 28. Qf1 Rf8 29. Nf3 Nxd1 30. Qxd1 Re3 31. Qc2 Rf6 32. Nd4 Kh7 33. Kb1 Rf4 34. Nd1 Rh3 35. Ne6 Nxe6 36. dxe6 Rf6 37. Bxh5 Rxh4 38. Bxg6+ Kh8 39. Re1 1-0

[Event "TCh-FRA, Monaco FRA"]
[Site "?"]
[Date "2001.??.??"]
[Round "2"]
[White "Narciso Dublan, M."]
[Black "Banikas, H."]
[Result "1/2-1/2"]
[WhiteElo "2525"]
[BlackElo "2535"]
[PlyCount "145"]
[EventDate "2001.??.??"]
[Source "www.chesslib.no"]
[SourceDate "2004.05.04"]

1. d4 Nf6 2. c4 g6 3. Nc3 Bg7 4. e4 d6 5. Nge2 a6 6. f3 Nbd7 7. Be3 O-O 8. Ng3 h5 9. Bd3 c5 10. Nge2 cxd4 11. Nxd4 Ne5 12. Be2 Qc7 13. Qb3 Bd7 14. O-O Rac8 15. Rfc1 e6 16. Na4 Nc6 17. Nb6 Rb8 18. Rd1 Rfd8 19. Nxd7 Nxd7 20. Nc2 Qa5 21. Rab1 Nc5 22. Qa3 Qxa3 23. Nxa3 Nb4 24. Bd2 Nc6 25. Bg5 Rd7 26. Be3 Rbd8 27. Nc2 Na4 28. Nd4 Nxd4 29. Bxd4 Bxd4+ 30. Rxd4 e5 31. Rd2 Nc5 32. Rc1 Ne6 33. Rc3 Kf8 34. Kf2 Ke7 35. Ke3 Rc7 36. Bf1 Nd4 37. Bd3 Rdc8 38. Ra3 Rc6 39. Ra5 Rb6 40. Ra4 Nc6 41. Bf1 Rb4 42. Rxb4 Nxb4 43. a3 Nc6 44. c5 Nd4 45. cxd6+ Kxd6 46. g3 Rc1 47. Bh3 Re1+ 48. Kf2 Rh1 49. Bg2 Rc1 50. f4 b5 51. Ke3 f6 52. fxe5+ fxe5 53. Rf2 Ke7 54. Bf1 a5 55. Bd3 b4 56. axb4 axb4 57. Rf1 Rxf1 58. Bxf1 Ne6 59. Kd3 Nc5+ 60. Kc4 Nxe4 61. Kxb4 Kd6 62. Bd3 Kd5 63. Bc4+ Kd4 64. Bf7 Nf6 65. Bxg6 e4 66. Bf7 Kd3 67. Kc5 e3 68. Bc4+ Kd2 69. Kd4 e2 70. Bxe2 Kxe2 71. Ke5 Ng4+ 72. Kf4 Nxh2 73. Kg5 1/2-1/2

[Event "BUL Team Ch"]
[Site "Sofia BUL"]
[Date "1991.??.??"]
[Round "3"]
[White "Ermenkov, Evgenij P"]
[Black "Spasov, Vasil V"]
[Result "1/2-1/2"]
[WhiteElo "2510"]
[BlackElo "2550"]
[PlyCount "62"]
[EventDate "1991.??.??"]
[Source "www.chesslib.no"]
[SourceDate "2004.05.04"]

1. c4 g6 2. d4 Bg7 3. e4 d6 4. Nc3 Nf6 5. Nge2 e5 6. d5 Na6 7. Ng3 h5 8. h4 Nc5 9. Bg5 Bh6 10. Bxh6 Rxh6 11. Qd2 Rh8 12. O-O-O Kf8 13. f3 a6 14. b4 Ncd7 15. Kb2 Kg7 16. a3 a5 17. Kb3 axb4 18. axb4 c5 19. dxc6 bxc6 20. Qxd6 Qb6 21. Bd3 Rd8 22. c5 Qa7 23. Ra1 Nxc5+ 24. Qxc5 Qxc5 25. bxc5 Rxa1 26. Rxa1 Rxd3 27. Nge2 Rd2 28. Rd1 Be6+ 29. Ka3 Rc2 30. Rc1 Rd2 31. Rd1 Rc2 1/2-1/2

[Event "Taastrup"]
[Site "?"]
[Date "1992.??.??"]
[Round "?"]
[White "Gurevich, M."]
[Black "Nielsen, Pe.H"]
[Result "1-0"]
[WhiteElo "2635"]
[BlackElo "2425"]
[PlyCount "80"]
[EventDate "1992.??.??"]
[Source "ChessBase"]
[SourceDate "1992.02.01"]

1. d4 Nf6 2. c4 g6 3. Nc3 Bg7 4. e4 d6 5. Nge2 e5 6. d5 Nh5 7. Be3 O-O 8. Qd2 f5 9. f3 f4 10. Bf2 Bf6 11. O-O-O Bh4 12. Bg1 Nd7 13. Kb1 Be7 14. Nc1 Nhf6 15. g3 c5 16. Bh3 Nb6 17. Bxc8 Qxc8 18. Qe2 Nh5 19. g4 Ng7 20. h4 Qd7 21. Bf2 Na4 22. Nxa4 Qxa4 23. Qc2 Qd7 24. Nd3 b5 25. cxb5 Rfb8 26. Qc4 Qxb5 27. Qxb5 Rxb5 28. Rc1 Bd8 29. Rc4 Ne8 30. Rhc1 a5 31. b3 Nc7 32. Ra4 Na6 33. Be1 Kf7 34. Nb2 Ke7 35. Nc4 Nb8 36. Kc2 Nd7 37. Rb1 Nb6 38. Rxa5 Raxa5 39. Nxa5 Kd7 40. a4 Nxa4 1-0

[Event "ESP-chT Div 1"]
[Site "Cala Galdana"]
[Date "1999.11.13"]
[Round "6"]
[White "Corral Blanco, Juan Antonio"]
[Black "Illescas Cordoba, Miguel"]
[Result "1/2-1/2"]
[WhiteElo "2459"]
[BlackElo "2600"]
[PlyCount "58"]
[EventDate "1999.11.08"]
[Source "www.chesslib.no"]
[SourceDate "2004.05.04"]

1. d4 Nf6 2. c4 g6 3. Nc3 Bg7 4. e4 d6 5. Nge2 O-O 6. Ng3 c6 7. Be2 Nbd7 8. Be3 a6 9. Qd2 b5 10. Bh6 bxc4 11. Bxg7 Kxg7 12. Bxc4 d5 13. Bb3 dxe4 14. Ngxe4 a5 15. O-O Nxe4 16. Nxe4 a4 17. Bc2 Ba6 18. Rfe1 Nb6 19. Rad1 Bc4 20. Re3 Bxa2 21. Rh3 Rh8 22. Qh6+ Kg8 23. Nc5 Qf8 24. Qf4 Bd5 25. Re1 e6 26. Rg3 Qb8 27. Qh6 Qf8 28. Qc1 Qd8 29. Qf4 Qb8 1/2-1/2

[Event "USCL 2007"]
[Site "ICC INT"]
[Date "2007.10.31"]
[Round "10"]
[White "Serper, G."]
[Black "Becerra Rivero, J."]
[Result "1/2-1/2"]
[WhiteElo "2499"]
[BlackElo "2559"]
[PlyCount "58"]
[EventDate "2007.08.29"]
[Source "www.chesslib.no"]
[SourceDate "2004.05.04"]

1. d4 Nf6 2. c4 g6 3. Nc3 Bg7 4. e4 d6 5. Nge2 O-O 6. Ng3 e5 7. d5 Ng4 8. h3 Nh6 9. h4 f5 10. exf5 gxf5 11. Nh5 Na6 12. Be2 f4 13. Nxg7 Kxg7 14. g3 fxg3 15. Bxh6+ Kxh6 16. fxg3 Kg7 17. Qd2 Nc5 18. O-O-O a5 19. Rdf1 Rxf1+ 20. Rxf1 Bh3 21. Rf2 Qe7 22. Bd1 h6 23. Bc2 Rf8 24. Nd1 b6 25. Rxf8 Qxf8 26. Qf2 Qxf2 27. Nxf2 Bd7 28. Kd2 Kf6 29. Ke3 Bc8 1/2-1/2

[Event "Bank Pocztowy op-A"]
[Site "Bydgoszcz"]
[Date "2001.05.06"]
[Round "9"]
[White "Poluljahov, Aleksandr"]
[Black "Socko, Bartosz"]
[Result "1-0"]
[WhiteElo "2502"]
[BlackElo "2554"]
[PlyCount "85"]
[EventDate "2001.04.27"]
[Source "ChessBase"]
[SourceDate "2001.07.03"]

1. d4 Nf6 2. c4 g6 3. Nc3 Bg7 4. e4 d6 5. Nge2 O-O 6. Ng3 Nbd7 7. Be2 a6 8. O-O c5 9. d5 h5 10. a4 h4 11. Nh1 Nh7 12. Be3 Qb6 13. Qc2 Ne5 14. a5 Qd8 15. f4 Ng4 16. Bxg4 Bxg4 17. Nf2 Bc8 18. f5 g5 19. Qd2 e6 20. Ng4 exf5 21. exf5 Re8 22. Na4 Nf6 23. Bxg5 Ne4 24. Bxd8 Nxd2 25. Nf6+ Bxf6 26. Bxf6 Nxf1 27. Rxf1 Re4 28. Nb6 Rb8 29. b3 Kh7 30. Bd8 Bxf5 31. Bc7 Rg8 32. Rxf5 Rg6 33. h3 Re1+ 34. Rf1 Re3 35. Nc8 Rxh3 36. Rxf7+ Kg8 37. Rf2 Re3 38. Bxd6 Kg7 39. Ne7 Re1+ 40. Kh2 Rg5 41. Nf5+ Kh7 42. Bxc5 h3 43. gxh3 1-0

[Event "Dos Hermanas"]
[Site "?"]
[Date "2003.03.18"]
[Round "5"]
[White "Williams Simon Kim"]
[Black "Zaltz Dov"]
[Result "0-1"]
[WhiteElo "2639"]
[BlackElo "2417"]
[PlyCount "80"]
[EventDate "2003.??.??"]
[Source "www.chesslib.no"]
[SourceDate "2004.05.04"]

1. c4 Nf6 2. Nc3 g6 3. e4 d6 4. d4 Bg7 5. Nge2 O-O 6. Ng3 c5 7. d5 e6 8. Be2 exd5 9. exd5 Re8 10. Bf4 a6 11. O-O Qc7 12. Qa4 Bd7 13. Qc2 Bg4 14. f3 Bc8 15. Rfe1 Nbd7 16. Qa4 Nb6 17. Qc2 Nbd7 18. Qa4 Nb6 19. Qa5 Nbxd5 20. Qa4 Nxf4 21. Bf1 Bd7 22. Qc2 Bc6 23. Red1 Ne6 24. Kh1 Nd4 25. Qf2 b5 26. Bd3 b4 27. Nb1 a5 28. Nd2 a4 29. h3 Bh6 30. f4 a3 31. b3 d5 32. Rac1 Qxf4 33. Qxf4 Bxf4 34. Ngf1 Ne2 35. Rc2 Nc3 36. Ra1 d4 37. Nf3 Bxf3 38. gxf3 Nh5 39. Kg2 f5 40. Rb1 Nxb1 0-1

[Event "New York op"]
[Site "New York"]
[Date "1996.??.??"]
[Round "6"]
[White "Serper, Grigory"]
[Black "Fishbein, Alexander"]
[Result "0-1"]
[WhiteElo "2540"]
[BlackElo "2515"]
[PlyCount "76"]
[EventDate "1996.04.??"]
[Source "www.chesslib.no"]
[SourceDate "2004.05.04"]

1. c4 Nf6 2. Nc3 g6 3. e4 d6 4. d4 Bg7 5. Nge2 O-O 6. Ng3 c5 7. d5 e6 8. Be2 exd5 9. exd5 Re8 10. O-O Nbd7 11. Bf4 Ne5 12. Qd2 a6 13. a4 Qa5 14. Rfe1 Bg4 15. Bf1 Nh5 16. Nxh5 Bxh5 17. Ne4 Qd8 18. h3 f6 19. Bxe5 Rxe5 20. f4 Re8 21. Nf2 g5 22. f5 Bf7 23. Bd3 Rxe1+ 24. Rxe1 Qd7 25. a5 Qc7 26. Bc2 Re8 27. Re6 Bxe6 28. dxe6 Bf8 29. Ne4 Be7 30. h4 gxh4 31. Qh6 Qxa5 32. Qxh4 Qa1+ 33. Kh2 Qxb2 34. Qh5 Rf8 35. Bd3 Qd4 36. Qf3 b5 37. cxb5 c4 38. Bf1 d5 0-1

[Event "New York op"]
[Site "New York"]
[Date "1987.??.??"]
[Round "?"]
[White "Spraggett, Kevin"]
[Black "Murey, Jacob"]
[Result "1-0"]
[WhiteElo "2550"]
[BlackElo "2505"]
[PlyCount "85"]
[EventDate "1987.04.??"]
[Source "ChessBase"]

1. d4 Nf6 2. c4 g6 3. Nc3 Bg7 4. e4 d6 5. Nge2 O-O 6. Ng3 Nc6 7. d5 Ne5 8. Be2 c6 9. O-O a6 10. a4 Qc7 11. b3 e6 12. dxe6 fxe6 13. Bb2 c5 14. f4 Nc6 15. Bd3 Nd4 16. Rb1 Bd7 17. h3 Rf7 18. Nce2 Raf8 19. Nxd4 cxd4 20. Bxd4 Nh5 21. Bxg7 Nxg7 22. Qd2 h5 23. Qe3 h4 24. Ne2 e5 25. fxe5 dxe5 26. Rxf7 Rxf7 27. Nc3 Ne6 28. b4 Qd6 29. Nd5 Bxa4 30. c5 Qd8 31. Nc3 Bd7 32. Bc4 Kg7 33. Rd1 Qe8 34. Rd6 Rf4 35. Nd5 Bb5 36. Bxb5 axb5 37. Nxf4 Nxf4 38. Qd2 Kh6 39. Rd8 Qf7 40. Kh2 Qc4 41. Rh8+ Kg7 42. Qd8 g5 43. Qf8+ 1-0

[Event "Elenite"]
[Site "Elenite"]
[Date "1992.??.??"]
[Round "5"]
[White "Topalov, Veselin"]
[Black "Spasov, Vasil"]
[Result "1/2-1/2"]
[WhiteElo "2520"]
[BlackElo "2535"]
[PlyCount "99"]
[EventDate "1992.??.??"]
[Source "ChessBase"]

1. d4 Nf6 2. c4 g6 3. Nc3 Bg7 4. e4 d6 5. Nge2 O-O 6. Ng3 c6 7. Be2 a6 8. Bg5 b5 9. cxb5 axb5 10. a3 Bb7 11. O-O Nbd7 12. Qd2 Qb6 13. b4 Qd8 14. f4 h6 15. Bh4 Nb6 16. Kh1 Bc8 17. Bd3 e5 18. Qc2 exd4 19. Nce2 Nc4 20. Bxc4 bxc4 21. Nxd4 Qb6 22. Nge2 Ng4 23. Qd2 c3 24. Qxc3 c5 25. bxc5 dxc5 26. Qb3 Qxb3 27. Nxb3 Bxa1 28. Rxa1 Ba6 29. Nc3 c4 30. Nd4 Kg7 31. h3 Nf6 32. e5 Nh5 33. Rf1 Kh7 34. Kh2 Bb7 35. g4 Nxf4 36. Rxf4 g5 37. Bxg5 hxg5 38. Rf5 Rxa3 39. Ne6 fxe6 40. Rxf8 Kg7 41. Rd8 Rxc3 42. Rd7+ Kf8 43. Rxb7 Re3 44. Rc7 c3 45. Kg2 Ke8 46. Rc6 Kd7 47. Rc5 Rd3 48. Rc4 Rd2+ 49. Kg3 Rd3+ 50. Kg2 1/2-1/2

[Event "Hamburg SKA"]
[Site "Hamburg"]
[Date "1991.??.??"]
[Round "?"]
[White "Bischoff, Klaus"]
[Black "Wahls, Matthias"]
[Result "1/2-1/2"]
[WhiteElo "2495"]
[BlackElo "2560"]
[PlyCount "64"]
[EventDate "1991.06.??"]
[Source "ChessBase"]

1. d4 Nf6 2. c4 g6 3. Nc3 Bg7 4. e4 d6 5. Nge2 c6 6. f3 a6 7. c5 b5 8. cxd6 exd6 9. g3 O-O 10. Bg2 c5 11. dxc5 dxc5 12. Qxd8 Rxd8 13. e5 Nfd7 14. f4 Ra7 15. O-O f6 16. e6 Nf8 17. f5 gxf5 18. Nf4 Bxe6 19. Nxe6 Nxe6 20. Bd5 Re7 21. Re1 Kf7 22. Bf4 b4 23. Rad1 bxc3 24. Rxe6 c2 25. Rxe7+ Kxe7 26. Re1+ Kf8 27. Bb3 Nc6 28. Bxc2 Nd4 29. Bd1 c4 30. Kf2 Kg8 31. Ba4 Bf8 32. Rc1 Ne6 1/2-1/2

[Event "GER-ch"]
[Site "Bad Neuenahr"]
[Date "1991.??.??"]
[Round "7"]
[White "Hort, Vlastimil"]
[Black "Uhlmann, Wolfgang"]
[Result "1-0"]
[WhiteElo "2540"]
[BlackElo "2510"]
[PlyCount "53"]
[EventDate "1991.06.??"]
[Source "ChessBase"]

1. d4 Nf6 2. c4 g6 3. Nc3 Bg7 4. e4 d6 5. Nge2 e5 6. d5 O-O 7. Ng3 h5 8. Bg5 Qe8 9. Bd3 Nh7 10. Be3 h4 11. Nf1 Na6 12. Nd2 f5 13. f3 Bf6 14. a3 c5 15. exf5 gxf5 16. Qc2 Bg5 17. Bxg5 Nxg5 18. O-O-O Bd7 19. Rhg1 Kh8 20. Rdf1 b5 21. cxb5 Nc7 22. f4 e4 23. fxg5 exd3 24. Qxd3 Bxb5 25. Nxb5 Qxb5 26. Nc4 f4 27. Rf3 1-0

[Event "Serpukhov (Russia)"]
[Site "?"]
[Date "2002.??.??"]
[Round "8"]
[White "Inarkiev Ernesto"]
[Black "Kurnosov Igor"]
[Result "0-1"]
[WhiteElo "2566"]
[BlackElo "2477"]
[PlyCount "72"]
[EventDate "2002.??.??"]
[Source "www.chesslib.no"]
[SourceDate "2004.05.04"]

1. d4 Nf6 2. c4 g6 3. Nc3 Bg7 4. e4 d6 5. Nge2 a6 6. Ng3 Nbd7 7. Be2 c6 8. Be3 b5 9. c5 h5 10. f3 h4 11. Nf1 Nf8 12. cxd6 exd6 13. Nd2 Ne6 14. O-O b4 15. Na4 O-O 16. f4 Re8 17. Bd3 c5 18. dxc5 Nxc5 19. Nxc5 Ng4 20. Qe2 dxc5 21. e5 h3 22. Be4 hxg2 23. Bxg2 Bf5 24. Rad1 Qh4 25. Nf3 Qh5 26. Bxc5 Rac8 27. Rc1 Nxh2 28. Rfd1 Bg4 29. Rf1 Nxf1 30. Qxf1 Bf8 31. Bxf8 Rxc1 32. Qxc1 Bxf3 33. Bxf3 Qxf3 34. Bxb4 Rd8 35. Bd6 Kg7 36. Qc3 Qg4+ 0-1

[Event "Gausdal"]
[Site "?"]
[Date "1991.??.??"]
[Round "?"]
[White "Serper, G."]
[Black "Kotronias, V."]
[Result "1-0"]
[WhiteElo "2490"]
[BlackElo "2550"]
[PlyCount "55"]
[EventDate "1991.??.??"]
[Source "ChessBase"]
[SourceDate "1991.10.01"]

1. c4 Nf6 2. Nc3 g6 3. e4 d6 4. d4 Bg7 5. Nge2 O-O 6. Ng3 c5 7. d5 e6 8. Be2 exd5 9. exd5 Re8 10. O-O Nbd7 11. Bf4 Ne5 12. Qd2 a6 13. Bg5 Qc7 14. a4 h5 15. f4 Neg4 16. f5 Nh7 17. Bxg4 hxg4 18. f6 Bh8 19. Nce4 Bf5 20. Nxf5 Rxe4 21. Ne7+ Kf8 22. Bh6+ Ke8 23. Bg7 Bxg7 24. fxg7 Kxe7 25. Qh6 Qd8 26. Qh4+ g5 27. Qxh7 Re5 28. Rxf7+ 1-0

[Event "Antalya op"]
[Site "?"]
[Date "2002.03.01"]
[Round "8"]
[White "Poluljahov Aleksandr"]
[Black "Georgiev Krum"]
[Result "1/2-1/2"]
[WhiteElo "2527"]
[BlackElo "2513"]
[PlyCount "55"]
[EventDate "2002.??.??"]
[Source "www.chesslib.no"]
[SourceDate "2004.05.04"]

1. d4 Nf6 2. c4 g6 3. Nc3 Bg7 4. e4 d6 5. Nge2 O-O 6. Ng3 a6 7. Be2 c6 8. O-O b5 9. e5 Nfd7 10. f4 bxc4 11. Bxc4 Nb6 12. Bb3 a5 13. Qf3 a4 14. Bc2 f5 15. exf6 Bxf6 16. Be3 e6 17. Nge4 a3 18. b3 Na6 19. Nxf6+ Qxf6 20. Ne4 Qe7 21. Rad1 Qd8 22. Ra1 Nb8 23. Nc3 Na6 24. Ne4 Qe7 25. Rad1 Nd5 26. Bc1 Nab4 27. Bb1 e5 28. Qg3 1/2-1/2

[Event "Dubai op"]
[Site "Dubai"]
[Date "2001.04.22"]
[Round "7"]
[White "Vladimirov, Evgeny"]
[Black "Gadjily, Raouf"]
[Result "1-0"]
[WhiteElo "2612"]
[BlackElo "2425"]
[PlyCount "101"]
[EventDate "2001.04.15"]
[Source "ChessBase"]
[SourceDate "2001.07.05"]

1. d4 Nf6 2. c4 g6 3. Nc3 Bg7 4. e4 d6 5. Nge2 O-O 6. Ng3 Nbd7 7. Be2 c6 8. O-O e5 9. d5 c5 10. a3 Kh8 11. Be3 Ng8 12. Qd2 h5 13. Rab1 Kh7 14. b4 Bh6 15. Nb5 h4 16. Nh1 Qe7 17. Rbe1 a6 18. Nc3 a5 19. bxa5 Rxa5 20. Nb5 Ra6 21. Rb1 Nb6 22. Rb3 Bxe3 23. Qxe3 Nh6 24. f4 exf4 25. Qxf4 Nd7 26. Nf2 Ne5 27. Nh3 Bxh3 28. Rxh3 g5 29. Qf6 Qxf6 30. Rxf6 Rd8 31. g3 Kg7 32. Rf1 hxg3 33. Rxg3 Kg6 34. Kf2 Rd7 35. Rfg1 f6 36. Ke1 Kg7 37. h4 g4 38. h5 Kh7 39. Rf1 Rf7 40. Rg2 Ng8 41. Bxg4 Nxc4 42. Ke2 Ra5 43. Bf5+ Kh8 44. Rb1 Nh6 45. Be6 Re7 46. Rg6 Nf7 47. Rbg1 Nce5 48. Rg8+ Kh7 49. Bf5+ Kh6 50. R1g7 Kxh5 51. Rg1 1-0

[Event "Paris"]
[Site "?"]
[Date "1989.??.??"]
[Round "?"]
[White "Chernin, A."]
[Black "Lautier, J."]
[Result "1-0"]
[WhiteElo "2580"]
[BlackElo "2450"]
[PlyCount "91"]
[EventDate "1989.??.??"]
[Source "ChessBase"]
[SourceDate "1989.01.01"]

1. d4 Nf6 2. c4 g6 3. Nc3 Bg7 4. e4 d6 5. Nge2 O-O 6. Bg5 a6 7. Qd2 Nbd7 8. Ng3 c6 9. a4 Qa5 10. Ra3 e5 11. d5 Nc5 12. Qc2 Qc7 13. b4 Ncd7 14. a5 cxd5 15. cxd5 b6 16. Bd3 bxa5 17. Rxa5 Rb8 18. Na2 Nc5 19. Rxc5 dxc5 20. bxc5 Qa5+ 21. Bd2 Qa3 22. Bc1 Qa5+ 23. Bd2 Qa3 24. Nc1 Nd7 25. c6 Nc5 26. O-O a5 27. Be3 Nxd3 28. Nxd3 Ba6 29. Rd1 Rfc8 30. Nc5 Bb5 31. Nd7 Ba4 32. Qc1 Qb3 33. Nxb8 Qxd1+ 34. Qxd1 Bxd1 35. d6 Ba4 36. c7 Kf8 37. Ne2 Ke8 38. Nc3 Bd7 39. Nd5 Be6 40. Bb6 a4 41. Bc5 f5 42. f3 fxe4 43. fxe4 Bf8 44. Kf1 Kf7 45. Nb6 Re8 46. Ke1 1-0